• 首页
  • 本馆介绍
  • 公告通知
  • 最新文献
  • 馆藏检索
  • 电子资源
  • 读者导购
  • 参考咨询
  • 我的图书馆
  • 登录
  • 详细信息显示
  • 放入我的书架
  • 预约/预借图书
  • 作者相关作品
  • 分类相关作品
  • 丛书相关作品
  • 出版社相关作品

书目信息

  • 表格格式
  • 工作单格式
  • 卡片格式
题名:
花卉变化
    
 
作者: 庄子平 编著
分册:  
出版信息: 沈阳   辽宁美术出版社  1999.12
页数: 95页
开本: 26cm
丛书名:
单 册:
中图分类: J506
科图分类:
主题词: 工艺美术--艺术理论
电子资源:
ISBN: 7-5314-2355-3
000 00604nam0 2200217 450
001 0737371735
005 20071215085625.08
010    @a7-5314-2355-3@dCNY20.00
100    @a20071120d1999 km y0chiy0120 ea
101 0  @achi
102    @aCN@b210000
200 1  @a花卉变化@Ahua hui bian hua@f庄子平编著@Fzhuang zi ping bian zhu
210    @a沈阳@c辽宁美术出版社@d1999.12
215    @a95页@d26cm
300    @a美术设计解误法
606 0  @a工艺美术@x艺术理论
690    @aJ506@v4
701  0 @a庄子平@Azhuang zi ping@4编著
801  0 @aCN@bNISOFT@c20071215
905    @aBZT@dJ506@e2
906    @dCNY20.00@n0@r1
    
    花卉变化/庄子平编著.-沈阳:辽宁美术出版社,1999.12
    95页;26cm
    美术设计解误法
    
    ISBN 7-5314-2355-3:CNY20.00
    
●
相关链接 在五车中查询图书 在当当中查询图书 在豆瓣中查询图书


正题名:花卉变化     索取号:J506/2         预约/预借

序号 登录号 条形码 馆藏地/架位号 状态 备注
1 635185   2000635185   中心书库中库/ 中库019架B面1列5层1/ [索取号:J506/2] 在馆    
2 635186   2000635186   中心书库中库/ 中库019架B面1列5层3/ [索取号:J506/2] 在馆    
3 635187   2000635187   中心书库中库/ 中库019架B面1列5层2/ [索取号:J506/2] 在馆    
4 635188   2000635188   中心书库中库/ 中库020架A面1列6层59/ [索取号:J506/2] 在馆    
5 635189   2000635189   中心书库中库/ 中库019架B面1列5层8/ [索取号:J506/2] 在馆    
6 635190   2000635190   中心书库中库/ 中库019架B面1列5层9/ [索取号:J506/2] 在馆    
7 635191   2000635191   中心书库中库/ 中库019架B面1列5层4/ [索取号:J506/2] 在馆    
8 635192   2000635192   中心书库中库/ 中库019架B面1列5层6/ [索取号:J506/2] 在馆    
9 635193   2000635193   中心书库中库/ 中库019架B面2列3层61/ [索取号:J506/2] 在馆    
10 635194   2000635194   中心书库中库/ 中库019架B面1列5层7/ [索取号:J506/2] 在馆    
山东省滨州职业学院图书馆 欢迎您!
大连网信软件有限公司© 版权所有